书目信息 |
| 题名: |
旅游卫生指南
|
|
| 作者: | 陈永生 , 林正大 编著 | |
| 分册: | ||
| 出版信息: | 上海 上海科学普及出版社 2000 |
|
| 页数: | 10,254页 | |
| 开本: | 19cm | |
| 丛书名: | ||
| 单 册: | ||
| 中图分类: | R128 | |
| 科图分类: | ||
| 主题词: | 旅游卫生--基本知识 , 旅游保健--基本知识 , 旅游卫生 , 旅游保健 | |
| 电子资源: | ||
| ISBN: | 7-5427-1713-8 | |
| 000 | 00869nam0 2200277 45 | |
| 001 | 0120066006930 | |
| 005 | 20061214090143.89 | |
| 010 | @a7-5427-1713-8@dCNY11.00 | |
| 092 | @aCN@b498071 | |
| 100 | @a20060628d2000 em y0chiy0120 ea | |
| 101 | 0 | @achi |
| 102 | @aCN@b310000 | |
| 105 | @aa z 000yy | |
| 200 | 1 | @a旅游卫生指南@9lu^ you wei sheng zhi nan@f陈永生,林正大编著 |
| 210 | @a上海@c上海科学普及出版社@d2000 | |
| 215 | @a10,254页@c图@d19cm | |
| 330 | @a本书阐述了旅游中有关卫生的准备、保健、疾病的识别、预防;灾害事件避让、摆脱;自救互救以及出境游的特殊卫生事项等。 | |
| 606 | 0 | @a旅游卫生@x基本知识 |
| 606 | 0 | @a旅游保健@x基本知识 |
| 606 | 0 | @a旅游卫生 |
| 606 | 0 | @a旅游保健 |
| 690 | @aR128@v4 | |
| 701 | 0 | @a陈永生@9chen yong sheng@4编著 |
| 701 | 0 | @a林正大@9lin zheng da@4编著 |
| 801 | 0 | @aCN@bLZJBOOK@c20061214 |
| 905 | @a10447@dR128@e57 | |
| 旅游卫生指南/陈永生,林正大编著.-上海:上海科学普及出版社,2000 |
| 10,254页:图;19cm |
| ISBN 7-5427-1713-8:CNY11.00 |
| 本书阐述了旅游中有关卫生的准备、保健、疾病的识别、预防;灾害事件避让、摆脱;自救互救以及出境游的特殊卫生事项等。 |
| ● |
| 相关链接 |
|
|
|
|
正题名:旅游卫生指南
索取号:R128/57
 
预约/预借
| 序号 | 登录号 | 条形码 | 馆藏地/架位号 | 状态 | 备注 |
| 1 | 0551024 | 205510240 | 第二样本阅览室/ [索取号:R128/57] | 在馆 | |
| 2 | 0551025 | 205510259 | 第三借阅区/ [索取号:R128/57] | 在馆 | |
| 3 | 0551026 | 205510268 | 第三借阅区/ [索取号:R128/57] | 在馆 | |
| 4 | 0551027 | 205510277 | 教育系资料室/ [索取号:R128/57] | 在馆 | |
| 5 | 0551028 | 205510286 | 教育系资料室/ [索取号:R128/57] | 在馆 | |
| 6 | 0551029 | 205510295 | 第三借阅区/ [索取号:R128/57] | 在馆 | |
| 7 | 0551030 | 205510302 | 教育系资料室/ [索取号:R128/57] | 在馆 | |
| 8 | 0551031 | 205510311 | 第三借阅区/ [索取号:R128/57] | 在馆 |